Najlepsi strzelcy Bayernu Monachium w historii. - Statystyki

Ogólne statystyki
  • Ten quiz został rozwiązany 146 razy
  • Średni wynik to 3 z 10
Statystyki odpowiedzi
Miejsce Liczba Goli Piłkarz % Poprawnych
2. 344 Robert Lewandowski
98%
1. 570 Gerd Muller
93%
3. 246 Thomas Muller
82%
8. 144 Arjen Robben
41%
5. 217 Karl-Heinz Rummenigge
15%
10. 139 Giovane Elber
7%
9. 140 Dieter Brenninger
2%
7. 145 Dieter Hoeneß
2%
4. 228 Rainer Ohlhauser
2%
6. 156 Roland Wohlfarth
2%
Nie znaleziono quizów pasujących do podanych kryteriów
Rozkład punktacji
Procent ludzi z każdym wynikiem
Percentyl według liczby udzielonych odpowiedzi
Twoja historia wyników
Nie rozwiązałeś tego quizu